000 00657nam a22001937a 4500
003 URS
005 20260224171819.0
008 260223b |||||||| |||| 00| 0 eng d
020 _a9786210218732
040 _cURS
050 _aKPM 50
_b.M7645 2023
100 _4Montemayor, Jose C. JR.
245 _aLegal education in the Philippines :
_bincluding the law schools in the Philippines /
_cDr./Atty. Jose C. Montemayor, JR.
250 _a2023 Edition.--
264 _aQuezon City :
_bCentral Book Supply, Inc.,
_c©2023.
300 _axii, 683 pages :
_billustrations ;
_c24 cm.
650 _aLaw
_vStudy and teaching
_zPhilippines
942 _2lcc
_cF
999 _c98723
_d98720